Carregando...

Cheriyoru lokam /

Detalhes bibliográficos
Autor principal: Madhava Menon, B.
Formato: Printed Book
Idioma:Malayalam
Publicado em: Sahitya Pravarthaka Sahakarana Sangam , 1966.
Assuntos:
LEADER 00525nam a2200157Ia 4500
008 150624b xxu||||| |||| 00| j mal d
082 |a 855.3M1 
100 |a Madhava Menon, B. 
245 |c B. Madhava Menon  |a Cheriyoru lokam / 
260 |b Sahitya Pravarthaka Sahakarana Sangam ,  |c 1966. 
300 |a 174 p. 
546 |a In Malayalam. 
650 |v Short stories 
942 |c BK 
999 |c 72365  |d 72365 
952 |0 0  |1 0  |4 0  |6 855_000000000000000_3M1_CHE_M  |7 0  |9 72311  |a UL  |b UL  |c ST2  |d 1998-08-28  |l 0  |o 855.3M1 CHE M  |p 6488  |r 2014-01-09  |w 2012-10-27  |y BK